Chemistry : (Record no. 51070)
[ view plain ]
| 000 -LEADER | |
|---|---|
| fixed length control field | 00639 a2200241 4500 |
| 020 ## - INTERNATIONAL STANDARD BOOK NUMBER | |
| International Standard Book Number | 81-259-0270-8 |
| 041 ## - LANGUAGE CODE | |
| Language code of text/sound track or separate title | Eng |
| 082 ## - DEWEY DECIMAL CLASSIFICATION NUMBER | |
| Classification number | 540.7 |
| Item number | K123c |
| 100 ## - MAIN ENTRY--PERSONAL NAME | |
| Personal name | Kakar, Anjali |
| 9 (RLIN) | 11037 |
| 100 ## - MAIN ENTRY--PERSONAL NAME | |
| Personal name | Malhotra, C. L |
| 9 (RLIN) | 11038 |
| 245 ## - TITLE STATEMENT | |
| Title | Chemistry : |
| Remainder of title | Model test papers with solutions fo class XII. |
| 260 ## - PUBLICATION, DISTRIBUTION, ETC. | |
| Place of publication, distribution, etc. | New Delhi : |
| Name of publisher, distributor, etc. | Vikas Publishing House, |
| Date of publication, distribution, etc. | 1997. |
| 300 ## - PHYSICAL DESCRIPTION | |
| Extent | 194p. |
| 650 ## - SUBJECT ADDED ENTRY--TOPICAL TERM | |
| Topical term or geographic name entry element | Test papers |
| 9 (RLIN) | 11039 |
| 650 ## - SUBJECT ADDED ENTRY--TOPICAL TERM | |
| Topical term or geographic name entry element | Model papers |
| 9 (RLIN) | 11040 |
| 650 ## - SUBJECT ADDED ENTRY--TOPICAL TERM | |
| Topical term or geographic name entry element | Guide book |
| 9 (RLIN) | 11041 |
| 650 ## - SUBJECT ADDED ENTRY--TOPICAL TERM | |
| Topical term or geographic name entry element | Manuals |
| 9 (RLIN) | 3069 |
| 650 ## - SUBJECT ADDED ENTRY--TOPICAL TERM | |
| Topical term or geographic name entry element | Teaching material |
| 9 (RLIN) | 11042 |
| 653 ## - INDEX TERM--UNCONTROLLED | |
| Uncontrolled term | Chemistry |
| 942 ## - ADDED ENTRY ELEMENTS (KOHA) | |
| Source of classification or shelving scheme | Dewey Decimal Classification |
| Koha item type | General Collections |
| 518 ## - DATE/TIME AND PLACE OF AN EVENT NOTE | |
| -- | 2011-01-13 |
| 530 ## - ADDITIONAL PHYSICAL FORM AVAILABLE NOTE | |
| -- | M |
| Withdrawn status | Lost status | Source of classification or shelving scheme | Damaged status | Not for loan | Home library | Current library | Shelving location | Date acquired | Total Checkouts | Full call number | Barcode | Date last seen | Price effective from | Koha item type |
|---|---|---|---|---|---|---|---|---|---|---|---|---|---|---|
| Dewey Decimal Classification | Tribhuvan University Central Library | Tribhuvan University Central Library | New Building | 01/13/2011 | 540.7 K123c | 132947 | 01/13/2011 | 01/13/2011 | General Collections |
